000 00671nam a22002297a 4500
003 UA-OsUOA
001 93890
007 ta
008 20130129b un ||||| |||| 00| 0 ukr d
100 _aВапцаров Н.
090 _a821.163.2
_bВ17
942 _cBK
040 _aUA-OsUOA
_brus
_cUA-OsUOA
_dUA-OsUOA
245 _aИзбранное. Бойка Вапцарова. Воспоминания о Николе Вапцарове
300 _a479 с.
955 _a3
041 _arus
080 _a821.163.2
260 _aМ.
_bПолитиздат
_c1984
650 7 _a82 Література. Літературознавство
_2UDC
999 _c380134
_d380134